00440nam a2200157Ia 45000010006000000050017000060080041000230410008000640820016000721000026000882450115001142600009002293000028002386500008002666540008002741147820260306162831.0260306t2007||||xx |||||||||||||| ||spa|| aESP a985.06bR79 aRoland, MarióneAUT 0aCrónicas de un pueblo y de un hombre:bAmbo y Francisco Javier Rolando en la guerra del pacífico 1879-1883 c2007 a116 páginas :c21 cm. aGEN aCHU